| 000 | 00553na a2200205 4500 | ||
|---|---|---|---|
| 001 | 15994 | ||
| 003 | MIRAKIL | ||
| 005 | 20181213154809.0 | ||
| 008 | 160928b tu 000 0 | ||
| 040 |
_aMilas _btur _cTR-AnCHP |
||
| 082 |
_aCHP 324.2172 Ecevit _bE13o 1966 |
||
| 090 | _aCHP 324.2172 Ecevit E13o 1966 | ||
| 100 |
_aEcevit, Bülent _d1925-2006 |
||
| 245 |
_aOrtanın solu _cBülent Ecevit |
||
| 250 | _a3.bs. | ||
| 260 |
_aAnkara _bKİM Yayınları _c1966 |
||
| 300 |
_a120 s. _c20 sm. |
||
| 610 |
_aCHP _xDemokratik sol |
||
| 942 |
_2ddc _cBKS |
||
| 999 |
_c1015 _d1015 |
||